<?xml version="1.0" encoding="UTF-8"?><OAI-PMH xmlns="http://www.openarchives.org/OAI/2.0/" xmlns:xsi="http://www.w3.org/2001/XMLSchema-instance"     xsi:schemaLocation="http://www.openarchives.org/OAI/2.0/ http://www.openarchives.org/OAI/2.0/OAI-PMH.xsd"><responseDate>2026-05-17T12:03:50Z</responseDate><request verb="GetRecord" identifier="oai:regmurcia.com:fintegr.1107" metadataPrefix="marc21">http://oai.regmurcia.com/oai2/oai2.php</request><GetRecord><record><header><identifier>oai:regmurcia.com:fintegr.1107</identifier><datestamp>2026-05-17</datestamp><setSpec>documentos</setSpec></header><metadata><record  xmlns="http://www.loc.gov/MARC21/slim" xmlns:xsi="http://www.w3.org/2001/XMLSchema-instance" xsi:schemaLocation="http://www.loc.gov/MARC21/slim http://www.loc.gov/standards/marcxml/schema/MARC21slim.xsd" type="Bibliographic"><leader>00000nam a2200000   4500</leader><controlfield tag="001" >005078258</controlfield><controlfield tag="003" >1107</controlfield><controlfield tag="004" >A00000000</controlfield><datafield tag="245" ind1=" " ind2=" "><subfield code="a">Acuerdo entre los Concejos de Murcia y Cartagena para que sus vecinos puedan circular libremente por sus términos.</subfield></datafield><datafield tag="300" ind1=" " ind2=" "><subfield code="c">185 x 400 mmm.</subfield></datafield><datafield tag="351" ind1=" " ind2=" "><subfield code="a">Unidad Documental</subfield><subfield code="c">Archivo de Cartagena. Array</subfield><subfield code="a">Unidad Documental</subfield><subfield code="c">Archivo de Cartagena. Array</subfield></datafield><datafield tag="506" ind1=" " ind2=" "><subfield code="a">Acceso restringido</subfield></datafield><datafield tag="510" ind1=" " ind2=" "><subfield code="a">Reg. TORNEL COBACHO, CAYETANO. Las fichas de catálogo de documentos textuales de archivo. Catálogo de documentos medievales del Archivo Municipal de Cartagena. Ayuntamiento de Cartagena: 1990. p. 47. 
Pub. TORRES FONTES, JUAN. &quot;Don Juan Manuel, señor de Cartagena (1313-1347)&quot;. Estudios en Homenaje a Claudio Sánchez Albornoz en sus 90 años. Buenos Aires, 1986, pp. 53-54</subfield></datafield><datafield tag="520" ind1=" " ind2=" "><subfield code="a">El concejo y Hermandad de la ciudad de Murcia y el concejo de Cartagena acuerdan el libre movimiento de sus vecinos en ambos términos concejiles, y no reciban ningún tipo de daño en sus personas o bienes.</subfield></datafield><datafield tag="583" ind1=" " ind2=" "><subfield code="u">http://www.regmurcia.com/servlet/s.Sl?METHOD=VERDOCUMENTO&amp;sit=serv,Carmesi&amp;n=/06/2680/indice.djvu</subfield></datafield><datafield tag="592" ind1=" " ind2=" "><subfield code="a">1314-01-05</subfield></datafield><datafield tag="592" ind1=" " ind2=" "><subfield code="d">1314-01-05 00:00:00</subfield></datafield><datafield tag="651" ind1=" " ind2=" "><subfield code="a">s.l.</subfield></datafield><datafield tag="786" ind1=" " ind2=" "><subfield code="o">http://www.regmurcia.com/servlet/s.Sl?METHOD=VERDOCUMENTO&amp;sit=serv,Carmesi&amp;n=/06/2680/indice.djvu</subfield></datafield><datafield tag="856" ind1=" " ind2=" "><subfield code="u">http://www.regmurcia.com/servlet/s.Sl?METHOD=DETALLE&amp;sit=c,373,m,139,serv,Carmesi&amp;id=1107</subfield></datafield></record></metadata></record></GetRecord></OAI-PMH>
